000 00999cam a2200253 a 4500
001 000018151
005 20200929165357.0
008 790615s1976 ve s001 1 spa d
040 _aDO-SdBNP
_bspa
_cDLC
_dBNPHU
082 _aV863.44
_bB198e
100 1 _aBalza, José.
_d1939-
_923351
245 1 0 _aEjercicios narrativos :
_bselección /
_cJosé Balza.
260 _a[Caracas, Venezuela] :
_bGobernación del Distrito Federal,
_c[1976].
300 _a[49] p. ;
_c15 x 16 cm.
490 1 _aCuadernos de difusión
_v10
505 0 _aChicle de menta -- Un libro de Rodolfo Iliackwood - Líneas -- Relación de caja - Rembrandt -- Bella a las once - Prescindiendo - Fedra - Enlace -- Canto del tartamudo -- La sangre.
650 4 _aCuentos venezolanos
_93815
650 4 _aLiteratura venezolano
_939329
650 4 _aMujeres
_xCuentos
_921481
710 2 _aCentro Simón Bolívar
_939330
830 0 _aCuadernos de difusión ;
_v10
_96694
910 _aCatalogación por copia / LC
049 _aBNGR
999 _c17672
_d17672